000 00284nam a22001217a 4500
008 171218b xxu||||| |||| 00| 0 eng d
041 _aeng
080 _a038
100 _a23
101 _aFJA
245 _aWEBSTER'S DICTIONARY OF THE AMERICAN LANGUAGE
_cGUILD,B.C
942 _2udc
_cBK
999 _c39071
_d39071